000 00709cab a2200181 4500
001 ABS67520
008 040301n2004 000 0 eng u
035 _a(Sirsi) u125259
245 _aOn course?
260 _c2004
490 _aInside Housing
_v21(5) 6 February 2004, 21-23(3)
520 _aReconvenes a panel of experts to pronounce on the progress of the communities plan one year on from their original assessments. Gives the government view of its communities plan achievements and provides a timeline mapping key developments.
590 _aABS
650 _aSUSTAINABLE COMMUNITIES: BUILDING FOR THE FUTURE
650 _aSUSTAINABLE COMMUNITIES
690 _aHOUSING-DEVELOPMENT
942 _n0
999 _c74187
_d74187